Chris Hemsworth by Poster - Statistics

General Stats
  • This quiz has been taken 8 times
  • The average score is 11 of 26
Answer Stats
Picture Answer % Correct
Avengers: Endgame
100%
The Avengers
100%
Thor
100%
Avengers: Infinity War
83%
Men In Black: International
83%
Thor: Love And Thunder
83%
Thor: Ragnarok
83%
Avengers: Age Of Ultron
50%
Ghostbusters
50%
Thor: The Dark World
50%
Bad Times At The El Royale
33%
Extraction
33%
Extraction 2
33%
Furiosa: A Mad Max Saga
33%
The Cabin In The Woods
33%
12 Strong
17%
A Perfect Getaway
17%
Blackhat
17%
In The Heart Of The Sea
17%
Red Dawn
17%
Rush
17%
Snow White & The Huntsman
17%
Spiderhead
17%
Star Trek
17%
The Huntsman: Winter's War
17%
Transformers One
17%
No matching quizzes found
Score Distribution
Percent of People with Each Score
Percentile by Number Answered
Your Score History
You have not taken this quiz